Aarum vaaykaatha pusthakam engane ezhuthaam/ (Record no. 181981)

000 -LEADER
fixed length control field 00470nam a2200169 4500
020 ## - INTERNATIONAL STANDARD BOOK NUMBER
ISBN 9789393969934
082 ## - DEWEY DECIMAL CLASSIFICATION NUMBER
Classification number M 001.42
Item number RAV/A
100 ## - MAIN ENTRY--AUTHOR NAME
Personal name Ravi Sankar S Nair
245 ## - TITLE STATEMENT
Title Aarum vaaykaatha pusthakam engane ezhuthaam/
Statement of responsibility, etc by Ravi Sankar S Nair
250 ## - EDITION STATEMENT
Edition statement 3rd ed.
260 ## - PUBLICATION, DISTRIBUTION, ETC. (IMPRINT)
Place of publication Kozhikode:
Name of publisher Atma books,
Year of publication 2023.
300 ## - PHYSICAL DESCRIPTION
Number of Pages 267p.
650 ## - SUBJECT ADDED ENTRY--TOPICAL TERM
Topical Term Research methods
650 ## - SUBJECT ADDED ENTRY--TOPICAL TERM
Topical Term Research, evaluation, and scientific method
650 ## - SUBJECT ADDED ENTRY--TOPICAL TERM
Topical Term Knowledge
942 ## - ADDED ENTRY ELEMENTS (KOHA)
Koha item type Book
Holdings
Withdrawn status Lost status Damaged status Not for loan Permanent Location Current Location Shelving location Date acquired Cost, normal purchase price Full call number Accession Number Price effective from Koha item type
        Sree Sankaracharya University of Sanskrit Sree Sankaracharya University of Sanskrit Stacks 03.06.2026 550.00 M 001.42 RAV/A 109052 03.06.2026 Book